Every Language Available On Drops - Statistics

General Stats
  • This quiz has been taken 7 times
  • The average score is 31 of 51
Answer Stats
Language % Correct
(British) English
100%
Cantonese
100%
(Castilian) Spanish
100%
German
100%
Mandarin
100%
(Mexican) Spanish
100%
(American) English
83%
(Brazilian) Portuguese
83%
(European) Portuguese
83%
French
83%
Japanese
83%
Korean
83%
Russian
83%
Arabic
67%
Dutch
67%
Finnish
67%
Greek
67%
Hindi
67%
Hungarian
67%
Icelandic
67%
Italian
67%
Thai
67%
Turkish
67%
Ukrainian
67%
Vietnamese
67%
Bosnian
50%
Catalan
50%
Croatian
50%
Danish
50%
Esperanto
50%
Estonian
50%
Hawaiian
50%
Indonesian
50%
Irish
50%
Māori
50%
Norwegian
50%
Persian
50%
Polish
50%
Romanian
50%
Samoan
50%
Serbian
50%
Swahili
50%
Swedish
50%
ASL (Alphabet)
33%
Galician
33%
Hebrew
33%
Igbo
33%
Sanskrit
33%
Tagalog
33%
Yoruba
33%
Ainu
17%
No matching quizzes found
Score Distribution
Percent of People with Each Score
Percentile by Number Answered
Your Score History
You have not taken this quiz